Sus mejores poemas: Selección y prólogo de Humberto Díaz Casanueva

שמור ב:
מידע ביבליוגרפי
מחבר ראשי: Ibarbourou, Juana de (Author)
פורמט: ספר
שפה:ספרדית
יצא לאור: Santiago Nascimento 1930
מהדורה:1a. ed
נושאים:
תגים: הוספת תג
אין תגיות, היה/י הראשונ/ה לתייג את הרשומה!

MARC

LEADER 00000nam a2200000 a 4500
001 UCJ3710
003 CL-VaPUC
005 20240123152351.0
008 070124e19300930CL |||||||||||||||||spa|d
999 |c 319832  |d 319830 
040 |c Pontificia Universidad Católica de Valparaíso 
082 0 4 |a U861  |b IBA  |2 21 
100 |a Ibarbourou, Juana de  |e author  |9 858012 
245 1 0 |a Sus mejores poemas: Selección y prólogo de Humberto Díaz Casanueva 
250 |a 1a. ed 
260 |a Santiago  |b Nascimento  |c 1930 
300 |a 244 p 
583 |a last modification  |c 20070124 00:00:00  |k Rodrigo Vera 
600 0 7 |a DIAZ CASANUEVA, HUMBERTO  |2 CL-VaPUC  |9 371547 
650 7 |a POESIA URUGUAYA  |2 CL-VaPUC  |9 352775 
650 0 |a Crítica literaria   |9 269189 
650 0 |a Antología   |9 327336 
852 |a BIBCUR 
942 |c BK  |2 ddc 
945 |d 20070124 00:00:00  |a rinostro 
952 |0 0  |1 0  |4 0  |6 U_861_000000000000000_IBA_1930  |7 0  |8 X  |9 398224  |a FDOBUD  |b FDOBUD  |d 2019-11-22  |i 1007319  |o U861 IBA 1930  |p 1007319  |r 2019-11-22  |w 2019-11-22  |y BK_X  |k BUD